Enfermedades del hígado (Record no. 59678)
[ view plain ]
| 000 -LEADER | |
|---|---|
| campo de control de longitud fija | 00528nam a2200145 i 4500 |
| 001 - NÚMERO DE CONTROL | |
| campo de control | 59678 |
| 003 - IDENTIFICADOR DE NÚMERO DE CONTROL | |
| campo de control | ES-MaACL |
| 007 - CAMPO FIJO DE DESCRIPCIÓN FÍSICA--INFORMACIÓN GENERAL | |
| campo de control de longitud fija | t| |
| 008 - DATOS DE LONGITUD FIJA--INFORMACIÓN GENERAL | |
| campo de control de longitud fija | 031030s1941 sp ||||1| spa d |
| 100 1# - ENTRADA PRINCIPAL--NOMBRE DE PERSONA | |
| Nombre de persona | Eppinger, Hans. |
| 9 (RLIN) | 47326 |
| 245 10 - MENCIÓN DEL TÍTULO | |
| Título | Enfermedades del hígado |
| Resto del título | : patología general y especial y tratamiento de las hepatopatías / |
| Mención de responsabilidad, etc. | por Hans Eppinger ; versión española por Juan Ros Carballo. |
| 260 ## - PUBLICACIÓN, DISTRIBUCIÓN, ETC. | |
| Lugar de publicación, distribución, etc. | Barcelona : |
| Nombre del editor, distribuidor, etc. | Labor, |
| Fecha de publicación, distribución, etc. | 1941 ( |
| Fabricante | Hispano-Americana) |
| 700 1# - ENTRADA AGREGADA--NOMBRE PERSONAL | |
| Nombre de persona | Ros Carballo, Juan. |
| 9 (RLIN) | 99583 |
| 852 ## - LOCALIZACIÓN | |
| Ubicación | ES-MaACL |
| Número de control de estantería | E-167 |
| Sublocalización o colección | R.19232 |
| Estatus retirado | Estado de pérdida | Estado de daño | No para préstamo | Biblioteca de origen | Biblioteca actual | Ubicación en estantería | Fecha de adquisición | Fuente de adquisición | Total de préstamos | Signatura topográfica completa | Código de barras | Visto por última vez | Precio de reemplazo | Tipo de ítem Koha |
|---|---|---|---|---|---|---|---|---|---|---|---|---|---|---|
| Biblioteca del Ateneo de Madrid | Biblioteca del Ateneo de Madrid | Depósito 2 | 17/01/2008 | E-167 | 1062594 | 23/02/2023 | 23/02/2023 | Libro impreso |
